| 000 | 01156nam a22003014a 4500 | ||
|---|---|---|---|
| 001 | ebr10114172 | ||
| 003 | CaPaEBR | ||
| 006 | m u | ||
| 007 | cr cn||||||||| | ||
| 008 | 040716s2005 njua sb 001 0 eng | ||
| 010 | _z 2004016686 | ||
| 020 | _z0471695971 | ||
| 040 |
_aCaPaEBR _cCaPaEBR |
||
| 035 | _a(OCoLC)559961276 | ||
| 050 | 1 | 4 |
_aTK7871 _b.I74 2005eb |
| 082 | 0 | 4 |
_a621.381 _222 |
| 100 | 1 | _aIrene, Eugene A. | |
| 245 | 1 | 0 |
_aElectronic materials science _h[electronic resource] / _cEugene A. Irene. |
| 260 |
_aHoboken, N.J. : _bWiley-Interscience, _cc2005. |
||
| 300 |
_axiii, 306 p. : _bill. |
||
| 504 | _aIncludes bibliographical references and index. | ||
| 533 |
_aElectronic reproduction. _bPalo Alto, Calif. : _cebrary, _d2013. _nAvailable via World Wide Web. _nAccess may be limited to ebrary affiliated libraries. |
||
| 650 | 0 |
_aElectronics _xMaterials. |
|
| 650 | 0 |
_aElectronic apparatus and appliances _xMaterials. |
|
| 655 | 7 |
_aElectronic books. _2local |
|
| 710 | 2 | _aebrary, Inc. | |
| 856 | 4 | 0 |
_uhttp://site.ebrary.com/lib/rucke/Doc?id=10114172 _zAn electronic book accessible through the World Wide Web; click to view |
| 999 |
_c209867 _d209867 |
||